Football : Les joueurs de Ligue 1 passés par la Russie - Statistiques

Statistiques générales
  • Ce quiz a été pris 20 fois
  • Le résultat moyen est 7 sur 20
Statistiques - réponses
Hint Réponse % Correct
Corinthians - Bordeaux - Barcelone - Zenit Saint-Petersbourg - Al-Hilal MALCOM
88%
Le Havre - Chelsea - Arsenal - Portsmouth - Real Madrid - Anji Makhatchkala - Lokomotiv Moscou - Marseille - Al-Jazira - PSG Lassana DIARRA
71%
Langon Castets - Libourne Saint-Seurin - Marseille - Dynamo Moscou - Lyon - Fenerbahce - Olympiakos - Apollon - Athenes Kallithéa Mathieu VALBUENA
71%
Auxerre - Liverpool - Marseille (prêt) - Marseille - Sunderland (prêt) - Panathinaikos - Lazio Rome - QPR - Al-Gharafa (prêt) - Kouban Krasnodar - Bastia - JS Saint-Pierroise - Yverdon - Panathinaikos Chicago Djibril CISSÉ
59%
Dinamo Zagreb - Inter Zapresig - Olympique Lyonnais - Southampton - Liverpool - Zenit Saint-Petersbourg - Olympique Lyonnais - PAOK Salonique Dejan LOVREN
53%
Boca Juniors - Chievo Vérone (prêt) - AS Roma - Empoli FC (prêt) - Zenit Saint-Petersbourg - PSG - Juventus Turin (prêt) - AS Roma Leandro PAREDES
53%
Metz - Olympique Lyonnais - AS Rome - Juventus Turin - FC Barcelone - Besiktas FC (prêt) - Sharjah FC - CSKA Moscou Miralem PJANIC
47%
Rennes - Rubin Kazan - Inter Milan (prêt) - Sunderland (prêt) - Saint-Etienne - Olympiakos - West Bromwich Albion - Caen Yann M'VILA
47%
Krasnodar - PSG Matvey SAFONOV
35%
Libourne Saint-Seurin - Marseille - Kouban Krasnodar - FK Krasnodar (prêt) - FK Krasnodar - Dynamo Moscou - Niort Charles KABORÉ
29%
FK Karelia - FK Neftekhimik - Terek Grozny - Zenit Saint-Petersbourg - Le Havre Daler KUZYAEV
24%
Radnički Pirot - FK Loznica - Sartid Smederevo - Partizan Belgrade - PSV Eindhoven - Chelsea - Atletico Madrid - Fenerbahce - PSG (prêt) - PSG - Zenit Saint-Petersbourg (prêt) - South China AA - BATE Borisov - South China AA Mateja KEZMAN
18%
Rennes - Nancy - Saint-Petersbourg - Bolton (prêt) - Monaco (prêt) - Nancy - Kardemir Karabukspor - Auxerre - Créteil Sébastien PUYGRENIER
18%
Presnia Moscou - Karelia Petrozavodsk - Asmaral Moscou - CSKA Moscou - PSG - FK Moscou - Rubin Kazan - Zenit Saint-Petersbourg Serguei SEMAK
18%
Rennes - Chateauroux - Rennes - Strasbourg - Lokomotiv Moscou Gerzino NYAMSI
12%
MSK Zilina - ViOn Zlaté Moravce (prêt) - Zenit Saint-Petersbourg - Dynamo Moscou - Olympique de Marseille - Trabzonspor (prêt) - Omonia Nicosie - Karmiótissa Páno Polemidión - MSK Zilina Tomas HUBOCAN
12%
Nantes - Standard Liege - Dynamo Moscou - AS Roma - Marseille (prêt) - Antalyaspor - Monaco (prêt) - Toulouse (prêt) William VAINQUEUR
12%
Auxerre - Monaco - Olympiakos (prêt) - Lokomotiv Moscou (prêt) - Lokomotiv Moscou - Sivasspor - Antalyaspor - Panetolikos FC Delvin NDINGA
6%
Legia Varsovie - Terek Grozny - Lyon - Lokomotiv Moscou - Spartak Moscou - Rubin Kazan Maciej RYBUS
6%
Bendel Insurance - RAA Louvieroise - Lille - Lokomotiv Moscou - West Bromwich - Cardiff - Stoke City - Bristol City (prêt) - Rotherham United - Madura United Peter ODEMWINGUE
6%
Aucun quiz correspondant
Distribution des résultats
% des personnes avec chaque résultat
Percentile par nombre de réponses
Votre historique - résultats
Vous n’avez pas pris ce quiz